00601nam a22001697a 450000500170000001000130001702000220003003500110005203700160006308200120007910000380009124500790012924600600020826000590026827000830032730000210041020190902152253.0 aUR-10421 c50.00a8180883606 aU-8976 bDBAD/PUBa- a270.340 aمحمد جر جيس کر يمی  aتو حيد ا و ر قيا م عد ل cمحمد جر جيس کر يمی  bTauheed Aur Qeyame Adl (Urdu)aby Mohd. Jarjis Karimi  aNew DelhibMerkazi Maktaba Islami Publishersc2012ء  aD-307,Dawat Nagar,Abulfazal Enclave,Jamia Ngr.bNew Delhie110025k26971652l- a92 صc22 Cm(Hb)